1995 1210 1825 1206 1142 1127 1560 1737 1329 1374 1518 1013 1972 1412 1706 1806 1158 1479 1515 1396 1207 1450 1117 1456 1216 1615 1220 1194 1525 1441 1551 1931 1262 1692 1094 1433 1612 1069 1069 1176 1356 1019 1420 1769 1820 1176 1456 1079 1516 1494 1860 1913 1811 1199 1508 1165 1167 1440 1398 1532 1418 1588 1815 1591 1438 1942 1011 1768 1837 1702 1343 1208 1052 1097 1857 1668 1337 1147 1923 1482 1823 1658 1277 1657 1394 1458 1226 1247 1314 1729 1974 1444 1652 1463 1330 1935 1369 1989 1018 BCNSPRNW ULIB Ver.6.0+V

เปลี่ยนเป็นภาษาไทย

Change to English
 แสดงรายละเอียดบรรณานุกรม
  กลับหน้าหลัก

Brief Record : Get Marc (ISO 2709) : E-mail record : QR code < ปิดหน้าต่าง
Review โดย
ทศพร เกษรทอง
ห้องสมุดวิทยาเขตนครสวรรค์
ทศพร เกษรทอง เมื่อ7/กุมภาพันธ์/2556



LEADER : 00000nam 2200000uu 4500
001    13399122292
003     ULIB
008    050256s2555||||th 000 0 tha d
020    9786161111496
060 04 WY159^bพ231ก ล.1
100 0  พรทิพย์ ศิริบูรณ์พิพัฒนา,^eบรรณาธิการ
245 00 การพยาบาลเด็ก เล่ม 1 /^cบรรณาธิการ, พรทิพย์ ศิริบูรณ์พิพัฒนา
250    พิมพ์ครั้งที่ 1(ฉบับปรับปรุง)
260    นนทบุรี :^bโครงการสวัสดิการวิชาการ สถาบันพระบรมราชชนกกระทรวงสาธารณสุข,^c2555
300    339 หน้า :^bภาพประกอบ
650  7 การพยาบาลกุมารเวชศาสตร์
650  7 เด็ก^xการดูแล
710 2  กระทรวงสาธารณสุข
710 2  สถาบันพระบรมราชราชชนก ^bโครงการสวัสดิการวิชาการ
856    ^z1 001.jpg (Content)^uhttp://ulibm.bcnsprnw.ac.th/ULIB6//_fulltext/5/13399122292/20130207115636_355.jpg
856    ^z1 002.jpg (Content)^uhttp://ulibm.bcnsprnw.ac.th/ULIB6//_fulltext/5/13399122292/20130207115640_2973.jpg
945    ^p250^l0^i19805
945    ^p250^l0^i19806
945    ^p250^l0^i19807
945    ^p250^l0^i19808
945    ^p250^l0^i19809
945    ^p250^l0^i19810
945    ^p250^l0^i19811
945    ^p250^l0^i19812
945    ^p250^l0^i19813
945    ^p250^l0^i19814
945    ^p250^l0^i20193
945    ^p250^l0^i20194
995    ทศพร
999    ^aใช้งานได้ทุกระบบ
รายการนี้ยังไม่มีแท็ก
คุณยังไม่ได้ล็อกอิน คุณสามารถมีกิจกรรมร่วมกับเว็บไซต์ได้ แต่ต้องล็อกอินก่อน ::
  ล็อกอิน

รายการสื่อสารสนเทศ

ลำดับที่ ประเภท เลขเรียก/บาร์โค้ด สถานที่ สถานะ
1. Book การพยาบาล
Book การพยาบาล
WY159 พ231ก ล.1 ฉ.1 
  Barcode: 19805
ห้องสมุดวิทยาเขตสวรรค์ประชารักษ์
►หนังสือทั่วไป
บนชั้น
2. Book การพยาบาล
Book การพยาบาล
สถานะ=หนังสือเก่า
WY159 พ231ก ล.1 ฉ.10 
  Barcode: 19814
ห้องสมุดวิทยาเขตนครสวรรค์
►ส่วนจัดเก็บหนังสือเก่า นว.
บนชั้น
  ขอยืม
3. Book การพยาบาล
Book การพยาบาล
สถานะ=หนังสือเก่า
WY159 พ231ก ล.1 ฉ.11 
  Barcode: 20193
ห้องสมุดวิทยาเขตนครสวรรค์
►ส่วนจัดเก็บหนังสือเก่า นว.
บนชั้น
  ขอยืม
4. Book การพยาบาล
Book การพยาบาล
สถานะ=หนังสือเก่า
WY159 พ231ก ล.1 ฉ.12 
  Barcode: 20194
ห้องสมุดวิทยาเขตนครสวรรค์
►ส่วนจัดเก็บหนังสือเก่า นว.
บนชั้น
  ขอยืม
5. Book การพยาบาล
Book การพยาบาล
สถานะ=หนังสือเก่า
WY159 พ231ก ล.1 ฉ.2 
  Barcode: 19806
ห้องสมุดวิทยาเขตนครสวรรค์
►ส่วนจัดเก็บหนังสือเก่า นว.
บนชั้น
  ขอยืม
6. Book การพยาบาล
Book การพยาบาล
สถานะ=หนังสือเก่า
WY159 พ231ก ล.1 ฉ.3 
  Barcode: 19807
ห้องสมุดวิทยาเขตนครสวรรค์
►ส่วนจัดเก็บหนังสือเก่า นว.
บนชั้น
  ขอยืม
7. Book การพยาบาล
Book การพยาบาล
สถานะ=หนังสือเก่า
WY159 พ231ก ล.1 ฉ.4 
  Barcode: 19808
ห้องสมุดวิทยาเขตนครสวรรค์
►ส่วนจัดเก็บหนังสือเก่า นว.
บนชั้น
  ขอยืม
8. Book การพยาบาล
Book การพยาบาล
สถานะ=หนังสือเก่า
WY159 พ231ก ล.1 ฉ.5 
  Barcode: 19809
ห้องสมุดวิทยาเขตนครสวรรค์
►ส่วนจัดเก็บหนังสือเก่า นว.
บนชั้น
  ขอยืม
9. Book การพยาบาล
Book การพยาบาล
สถานะ=หนังสือเก่า
WY159 พ231ก ล.1 ฉ.6 
  Barcode: 19810
ห้องสมุดวิทยาเขตนครสวรรค์
►ส่วนจัดเก็บหนังสือเก่า นว.
บนชั้น
  ขอยืม
10. Book การพยาบาล
Book การพยาบาล
สถานะ=หนังสือเก่า
WY159 พ231ก ล.1 ฉ.7 
  Barcode: 19811
ห้องสมุดวิทยาเขตนครสวรรค์
►ส่วนจัดเก็บหนังสือเก่า นว.
บนชั้น
  ขอยืม
11. Book การพยาบาล
Book การพยาบาล
สถานะ=หนังสือเก่า
WY159 พ231ก ล.1 ฉ.8 
  Barcode: 19812
ห้องสมุดวิทยาเขตนครสวรรค์
►ส่วนจัดเก็บหนังสือเก่า นว.
บนชั้น
  ขอยืม
12. Book การพยาบาล
Book การพยาบาล
สถานะ=หนังสือเก่า
WY159 พ231ก ล.1 ฉ.9 
  Barcode: 19813
ห้องสมุดวิทยาเขตนครสวรรค์
►ส่วนจัดเก็บหนังสือเก่า นว.
บนชั้น
  ขอยืม

รายการใกล้เคียง
    ผู้แต่ง [พรทิพย์ ศิริบูรณ์พิพัฒนา, บรรณาธิการ]

    หัวเรื่อง [การพยาบาลกุมารเวชศาสตร์]
    หัวเรื่อง [เด็ก การดูแล]

BibComment


ยังไม่เคยถูกคอมเมนท์

คอมเมนท์ทรัพยากรรายการนี้
  คอมเมนท์: การพยาบาลเด็ก เล่..


 Copyright 2026. Bcnsprnw @Library